000 01502nam a2200361 i 4500
001 13383
003 KOSZ 005
005 20190724101640.0
008 080402s1965 pl a f f 000 0 pol
015 _aPB 1965/6467
035 _a(OCoLC)833022147
040 _aWA N
_cWA N
_dKOSZ 005/KK
080 _a625(075)
100 1 _aKoczorowski, Adam.
_eAutor.
245 1 0 _aBudowa i utrzymanie dróg kolejowych.
_nT. 2 /
_cAdam Koczorowski, Antoni Krepski.
250 _aWydanie 2 podręcznika "Drogi kolejowe" przerobione i uzupełnione /
_bA. Krepski.
260 _aWarszawa :
_bWydawnictwa Komunikacji i Łączności,
_c1965.
300 _a293, [3] strony, [1] karta, tablice :
_bilustracje, errata ;
_c23 cm.
336 _2rdacontent
_aTekst
_btxt
337 _2rdacarrier
_aBez urządzenia pośredniczącego
_bn
338 _2rdacarrier
_aWolumin
_bnc
380 _aKsiążki.
504 _aBibliografia na stronie 393.
521 8 _aZatwierdz. przez Min. Oświaty dla kl. 5 techników kolej. wydz. dróg i mostów kolej. Również dla techników i pracowników służby drogowej PKP.
658 _aInżynieria i technika
658 _atransport i logistyka
650 4 _aLinie kolejowe
655 4 _aPodręczniki dla szkół zawodowych
700 1 _aKrepski, Antoni.
710 2 _aWydawnictwa Komunikacji i Łączności.
_4pbl.
856 _uhttp://koha.tu.koszalin.pl/cgi-bin/koha/opac-detail.pl?biblionumber=13383
_yKatalog online BPK
942 _2UKD
_cKS
999 _c13383
_d13383